000 01028nac a22002777a 4500
001 BR6005724
003 BR-BrBNA
005 20250213130415.0
008 230509b bl.|||m| |||| 00| 0 por d
040 _aBR-BrBNA
_bpor
_cBiblioteca Nacional de Agricultura
072 _aD50; E70
090 _a0337 BR6005724
110 1 _aServico de Economia Rural, Rio de Janeiro, GB (Brasil);
_99315
110 1 _aServico de Informacao Agricola, Rio de Janeiro, GB (Brasil)
245 1 _aDecreto n. 8178, de 7 de novembro de 1941. Aprova as especificacoes e tabelas para a classificacao e fiscalizacao da exportacao de girassol, visando a sua padronizacao
260 3 _aRio de Janeiro, GB (Brasil):
_c1942.
300 _a3 p.
490 _aSIA (Brazil)
_vno. 496
650 _aLegislacao
650 _aComercializacao
650 _aGirassol
650 _aControle de qualidade
650 _aExportacao
856 _uhttps://repositorio-dspace.agricultura.gov.br/bitstream/1/5933/1/1942%20SIA%20496.pdf
942 _2AGRIS
_n0
_cMS
999 _c262097
_d262097